000 01103pam a2200349 a 4500
001 1144864
003 OSt
005 20140310182820.0
008 951004s1995 mnu b 000 0 eng
010 _a 95039285
020 _a0800787196
040 _aDLC
_cDLC
_dDLC
050 0 0 _aHQ 1206
_b.C466 1995
082 0 0 _aM 646.70082
_bC466 1995
100 1 _aChapman, Annie.
245 1 0 _aRunning on empty and looking for the nearest exit
_cChapman, Annie
260 _aMinneapolis, Minn.
_bBethany House Publishers
_cc1995
300 _a175 p.
_c21 cm.
504 _aIncludes bibliographical references.
521 _ahigh school to college student
526 _c0L -1700L
541 _j1
562 _e1
650 0 _aWomen
_xPsychology.
650 0 _aHousewives
_xPsychology.
650 0 _aWomen
_xReligious life.
650 0 _aHousewives
_xReligious life.
650 0 _aSelf-sacrifice.
906 _a7
_bcbc
_corignew
_d1
_eocip
_f19
_gy-gencatlg
942 _2lcc
_cBK
_kM
999 _c16386
_d16386